00311pab a2200121 454500008004000000100002100040245003900061260000900100300001300109362001100122650002200133773003400155180718b2013 xxu||||| |||| 00| 0 eng d aTeltumbde, Anand aCan caste-based rallies be banned? c2013 ap.10-11. a10 Aug aProtest movements aEconomic and Political Weekly